Compte general : Gliptoteca Monjo : exercici ... Gliptoteca Monjo :
Descripción Física:
30 cm
MARC
| LEADER | 00000nam a2200000Ia 4500 | ||
|---|---|---|---|
| 001 | 19100, 19141, 18880, 18881, 18882, 18883, 17725, 18884, 18989, 19005 | ||
| 008 | 160829s9999 xx 000 0 cat d | ||
| 080 | |a Pressupostos | ||
| 110 | 1 | |a Barcelona (Catalunya : Província). |b Diputació |9 52408 | |
| 245 | |a Compte general : |b Gliptoteca Monjo : |b exercici ... | ||
| 260 | |a [Barcelona] : |b la Diputació. Intervenció, [s.a.] | ||
| 300 | |a 30 cm | ||
| 610 | 1 | 0 | |a Barcelona (Catalunya : Província). |b Diputació |x Assignacions pressupostàries i despeses |9 53789 |
| 710 | 1 | |a Barcelona (Catalunya : Província). |b Servei d'Intervenció |9 55057 | |
| 710 | 2 | |a Museu Enric Monjo (Vilassar de Mar, Catalunya) |9 55403 | |
| 866 | |a 1992, 1993, 1994, 1995, 1997, 1998, 1999, 2000, 2001, 2002 | ||
| 901 | |a Arxiu | ||
| 942 | |n 1 | ||
| 952 | |0 0 |1 0 |4 0 |6 PRESSUPOSTOS |7 1 |9 44043 |a Arxiu |b Arxiu |d 2016-12-01 |l 0 |o Pressupostos |p 19100, 19141, 18880, |r 2016-12-01 00:00:00 |w 2016-12-01 |y ARXIU | ||
| 999 | |c 46623 |d 46623 | ||